000 00287nam a22001217a 4500
008 180515b xxu||||| |||| 00| 0 eng d
041 _aeng
080 _a043.3
100 _a0
101 _aMBE-BA
245 _aTrajnimi dhe Azhvillimi i Burimeve Njerzore
_cHasanaj, D
942 _2udc
_cBK
999 _c45809
_d45809